Escarmentemos : (Record n. 34296)

Dettagli MARC
000 -LEADER
fixed length control field 00677cam a2200193 i 4500
003 - CONTROL NUMBER IDENTIFIER
control field IT-RoINE
005 - DATE AND TIME OF LATEST TRANSACTION
control field 20200604081702.0
008 - FIXED-LENGTH DATA ELEMENTS--GENERAL INFORMATION
fixed length control field 920725s1940 sp r | spa d
040 ## - CATALOGING SOURCE
Original cataloging agency SpMaBN
Transcribing agency A2 IT-RoINE
Modifying agency IT-RoINE
100 1# - MAIN ENTRY--PERSONAL NAME
Personal name Huidobro Pardo, Enrique
9 (RLIN) 67554
245 10 - TITLE STATEMENT
Title Escarmentemos :
Remainder of title meditaciones de un refugiado, con un epílogo de asalto al Consulado /
Statement of responsibility, etc por Enrique Huidobro Pardo.
260 ## - PUBLICATION, DISTRIBUTION, ETC. (IMPRINT)
Place of publication, distribution, etc Madrid :
Name of publisher, distributor, etc Fax,
Date of publication, distribution, etc 1940.
300 ## - PHYSICAL DESCRIPTION
Extent 285 p. ;
Dimensions 19 cm.
336 ## - CONTENT TYPE
Source rdacontent
Content type term text
337 ## - MEDIA TYPE
Source rdamedia
Media type term unmediated
338 ## - CARRIER TYPE
Source rdacarrier
Carrier type term volume
651 #4 - SUBJECT ADDED ENTRY--GEOGRAPHIC NAME
9 (RLIN) 66404
Geographic name Madrid (España)
Form subdivision Relatos personales
General subdivision Historia
Chronological subdivision 1936-1939 (Guerra civil)
942 ## - ADDED ENTRY ELEMENTS (KOHA)
Item type Monografías
Dati di copia
Withdrawn status Lost status Damaged status Not for loan Home library Current library Date acquired Total Checkouts Full call number Barcode Date last seen Price effective from Koha item type
        Iglesia Nacional Española en Roma Iglesia Nacional Española en Roma 04/06/2020   NOVALÍN 1914 NOV-2091 04/06/2020 04/06/2020 Monografías